Socio cultural diversity in North East India/ (Record no. 11813)

MARC details
000 -LEADER
fixed length control field 00779nam a22002297a 4500
005 - DATE AND TIME OF LATEST TRANSACTION
control field 20240515074311.0
008 - FIXED-LENGTH DATA ELEMENTS--GENERAL INFORMATION
fixed length control field 240515b |||||||| |||| 00| 0 eng d
020 ## - INTERNATIONAL STANDARD BOOK NUMBER
International Standard Book Number 9789384900649
040 ## - CATALOGING SOURCE
Original cataloging agency IN-DiNC
Transcribing agency IN-DiNC
041 ## - LANGUAGE CODE
Language code of sung or spoken text English
082 ## - DEWEY DECIMAL CLASSIFICATION NUMBER
Classification number 301.095416
Item number SOC
245 ## - TITLE STATEMENT
Title Socio cultural diversity in North East India/
Statement of responsibility, etc. ed. by Nibedita Nath and others
250 ## - EDITION STATEMENT
Remainder of edition statement V. 1
260 ## - PUBLICATION, DISTRIBUTION, ETC.
Place of publication, distribution, etc. Guwahati:
Name of publisher, distributor, etc. Assam College Teachers Association,
Date of publication, distribution, etc. 2023.
300 ## - PHYSICAL DESCRIPTION
Extent 222p.
650 ## - SUBJECT ADDED ENTRY--TOPICAL TERM
Topical term or geographic name entry element Different areas of art, culture, history, health, education, geography and economic conditions of North East India
700 ## - ADDED ENTRY--PERSONAL NAME
Personal name Nath, Nibedita
Relator term Editor
700 ## - ADDED ENTRY--PERSONAL NAME
Personal name Medhi, Arabinda
Relator term Editor
700 ## - ADDED ENTRY--PERSONAL NAME
Personal name Choudhury, Ranjan
Relator term Editor
700 ## - ADDED ENTRY--PERSONAL NAME
Personal name Maibangsa, Moromee
Relator term Editor
942 ## - ADDED ENTRY ELEMENTS (KOHA)
Source of classification or shelving scheme Dewey Decimal Classification
Koha item type Books
Holdings
Withdrawn status Lost status Source of classification or shelving scheme Damaged status Not for loan Collection code Home library Current library Shelving location Date acquired Cost, normal purchase price Total Checkouts Full call number Barcode Date last seen Copy number Price effective from Koha item type
    Dewey Decimal Classification     Sociology Central Library, Naharkatiya College Central Library, Naharkatiya College General Stacks 15/05/2024 300.00   301.095416 SOC 29992 15/05/2024 1 15/05/2024 Books

Naharkatiya College © 2020. All rights reserved.

Powered By